000 00914nam2a2200253 4500
001 RU\NLR\bibl\119498
005 20250617100033.0
010 _a5-300-01735-3
021 _aRU
_b98-19674
_9934
035 _a(NLR Aleph) 000117016
090 _a665356
_c665356
100 _a20001122d1998 |||y0rusy50 ca
101 1 _arus
_ceng
102 _aRU
105 _ay |||||||||
200 1 _aДон Жуан
_e[Поэма
_fПер. с англ. Т. Гнедич]
215 _a505,[2] с.
461 0 _1001RU\NLR\bibl\123361
_12001#$aИзбранное$vТ. 2
_9687975
_aБайрон, Д. Г. (1788-1824)
_cМ.
_d1998
_fДжордж Гордон Байрон
_nТерра-Кн. клуб
_o[В 2 т. : Пер. с англ.]
_tИзбранное
_y5-300-01734-5
_vТ. 2
801 0 _aRU
_bNLR
_c20001122
_gPSBO
801 1 _aRU
_bNLR
_c20001122
852 _aNLR
_j98-5/1919
942 _cBOOK
980 _aNB